| 000 | 00974 a2200169 4500 | ||
|---|---|---|---|
| 003 | Nust | ||
| 005 | 20221014110935.0 | ||
| 040 | _cNust | ||
| 082 | _a604.2,WAL | ||
| 100 |
_aWalraven, H. Dale. _9100296 |
||
| 245 |
_aA handbook of engineering graphics / _cH. Dale Walraven. |
||
| 260 |
_aBloomington, Ill., _bMcKnight & McKnight _c1965 |
||
| 300 |
_a252 p. illus. _b24 cm. |
||
| 505 | _aDrawing forms and General Information (Page-15), Lettering (Page-19), Line Work and Drawing Instruments (Page-29), Geometrical Constructions (Page-49),Projections (Page-61),Sectioning (Page-70), Screw Threads and Fasteners (Page-77), Auxiliary Projection (Page-87), Axonometric Projections (Page-93), Oblique Projection (Page-99), Dimensioning and Notes (Page-103), Limits, Tolerance and Files (Page-118), Graphical Representation for Welding (Page-140), Charts and Diagrams (Page-147), Hoe to Use The Slide Rule (Page-156). | ||
| 650 |
_aengineering graphics _97938 |
||
| 942 |
_2ddc _cBK |
||
| 999 |
_c183047 _d183047 |
||